000 00793nam a2200229 i 4500
001 122700
003 ES-MaACL
005 20250801143536.0
007 t|
008 070214s1963 be r ||||1| fre d
245 0 0 _aProblèmes d'une sociologie du roman /
_cL. Goldmann... [etc.].
250 _a3e éd.
260 _aBruxelles :
_bUniversité Libre, Institut de Sociologie,
_c1963.
300 _a126 h. ;
_c24 cm.
500 _aSeparata de: Revue de l'Institut de Sociologie, 1963 (2)
650 0 7 _aLiteratura y sociedad
_2embne
_914679
650 4 _aNovela-
_yS.XX-
_xHistoria y crítica.
_915605
700 1 _aGoldmann, Lucien.
_957672
710 2 _aUniversité Libre de Bruxelles.
_bInstitut de Sociologie.
_97494
852 _aES-MaACL
_jE-6995
_bR.91493
999 _c122700
_d122700